Vista normal
Vista MARC
Entrada Nombre corporativo
Número de registros utilizados en: 7
001 - NÚMERO DE CONTROL
- Campo de control: 35407
003 - IDENTIFICADOR DE NÚMERO DE CONTROL
- Campo de control: ES-MaCES
005 - FECHA Y HORA DE LA ULTIMA MODIFICACION
- Campo de control: 20150923133036.0
008 - ELEMENTOS DE DATOS DE LONGITUD FIJA
- Campo de longitud fija: 141124|| azz||aabn | a|a d
040 ## - FUENTE DE LA CATALOGACIÓN
- Agencia original de catalogación: ES-MaCES
110 2# - ENCABEZAMIENTO--NOMBRE CORPORATIVO
- Nombre corporativo o de jurisdicción como elemento de entrada: Asociación de las Cámaras del Libro de España
410 ## - TRAZADO VEÁSE--NOMBRE CORPORATIVO
- Nombre corporativo o de jurisdicción como elemento de entrada: Federación Española de Cámaras del Libro
510 ## - TRAZADO VEÁSE ADEMÁS--NOMBRE CORPORATIVO
- Nombre corporativo o jurisdicción como elemento de entrada: FEDECALI
670 ## - FUENTE DE DATOS ENCONTRADOS
- Fuente de citación: www.fedecali.es

